The crisis manager : facing disasters, conflicts, and failures/
Guardado en:
| Autor principal: | |
|---|---|
| Formato: | Libro |
| Publicado: |
New York:
Routledge,,
c2012
|
| Edición: | 2nd.ed. |
| Materias: | |
| Etiquetas: |
Agregar Etiqueta
Sin Etiquetas, Sea el primero en etiquetar este registro!
|
MARC
| LEADER | 00000nam a2200000 4500 | ||
|---|---|---|---|
| 005 | 20250708120445.0 | ||
| 020 | |a 9780415892315 |c TZs.297,258/= | ||
| 040 | |a MUL |b eng. |e AACR2 | ||
| 082 | |a 658.4056 LER | ||
| 100 | |a Lerbinger, Otto | ||
| 245 | |a The crisis manager : |b facing disasters, conflicts, and failures/ |c Otto Lerbinger | ||
| 250 | |a 2nd.ed. | ||
| 260 | |a New York: |b Routledge,, |c c2012 | ||
| 300 | |a xvi,378p.: |c 23cm. | ||
| 500 | |a Includes index | ||
| 505 | |a Understanding crises Risk management : preparing for the worst Crisis communication Image restoration strategies in crisis communication Natural crises Biological crises Technological crises Confrontation crises Crises of malevolence Crises of mismanagement Crises of skewed management values Crises of deception Crises of management misconduct | ||
| 546 | |a eng. | ||
| 650 | |a Crisis Management | ||
| 650 | |a Conflict Management | ||
| 650 | |a Crisis Communication | ||
| 942 | |c BK | ||
| 999 | |c 11033 |d 11033 | ||